000
00475nam a2200145Ia 4500
008
100122s9999 xx 000 0 und d
082
_b
10996
_a
823.08
100
_a
सरदेसाई लक्ष्मणराव
245
_a
लक्ष्मण रेखा
260
_b
कॉटिनेंटल प्रकाशन
_c
1957
300
_a
135
630
_a
लक्ष्मण रेखा
730
_a
लक्ष्मण रेखा
942
_c
BOOK
999
_c
402444
_d
402441